000 01123cam a22002891 4500
999 _c22650
_d22650
001 9605728
003 OSt
005 20200518110800.0
008 790312s1900 enkbfj b 001 0 eng
010 _a 04018463
020 _a8171510043
035 _a(OCoLC)4734393
040 _aDLC
_coclc
_dOCoLC
_dTQG
_dDLC
042 _apremarc
043 _aa------
_af------
050 0 0 _aDS234
_b.A38 1900
082 _a953
_bALI/S
100 _aAli, Syed Ameer
_d1849-1928.
_92190
245 1 2 _aA short history of the Saracens:
_bbeing a concise account of the rise and decline of the Saracenic power, and of the economic, social and intellectual development of the Arab nation from the earliest times to the destruction of Bagdad, and the expulsion of the Moors from Spain /
_cSyed Ameer Ali
250 _a7th Ed.
260 _aNew Delhi:
_bKitab Bhavan,
_c2006.
300 _a640 p.
504 _a"Bibliographical index": p. 629-630.
650 0 _92271
_aHistory & geography
_vIslamic History
906 _a7
_bcbc
_coclcrpl
_du
_encip
_f19
_gy-gencatlg
942 _2ddc
_cBK
_h953
_iALI/S
_k953
_mALI/S